000 00338nam a2200145 i 4500
001 bg
100 1 _aTARGOWSKI, Andrzej
245 0 _aPrzetwarzanie danych /
_cAndrzej Targowski.
250 _aWyd.2 zmien.
260 _aWarszawa,
_c1973.
040 _cBPK
041 _apol
942 _cKS
008 s pl f |000 0 pol
999 _c17441
_d17441
856 _uhttp://koha.tu.koszalin.pl/cgi-bin/koha/opac-detail.pl?biblionumber=17441
_yKatalog online BPK